|
|
|
|
| LEADER |
00000nam a2200000 a 4500 |
| 001 |
vtls010072953 |
| 003 |
SK-MaSNL |
| 005 |
20260301030540.0 |
| 008 |
180730s2008 fr a g fp 000 0 fre |
| 020 |
|
|
|a 9782090352337
|q (brož.)
|
| 040 |
|
|
|a SNK
|b slo
|c SNK
|e AACR2
|
| 041 |
0 |
|
|a fre
|
| 044 |
|
|
|a fr
|c FR
|
| 072 |
|
7 |
|a 811.133.1
|x Francúzština
|2 konspekt
|
| 072 |
|
7 |
|a 37.016
|x Učebné osnovy. Vyučovacie predmety. Učebnice
|2 konspekt
|
| 080 |
|
|
|a 811.133.1
|2 2001
|
| 080 |
|
|
|a 81'36
|2 2001
|
| 080 |
|
|
|a 81'35
|2 2001
|
| 080 |
|
|
|a (075)
|2 2001
|
| 080 |
|
|
|a (07.064)81
|2 2001
|
| 245 |
0 |
0 |
|a DALF
|b C1/C2 : 250 activités
|c Richard Lescure ... [et al.]
|
| 250 |
|
|
|a Nouveau diplôme
|
| 260 |
|
|
|a [Paris]
|b Cle International
|c p2008
|
| 300 |
|
|
|a 287 s.
|b ilustr.
|c 28 cm
|e Corriges (63 s. ; 24 cm), 1 audio CD
|
| 490 |
1 |
|
|a Nouvel entraînez-vous
|
| 500 |
|
|
|a DALF = Diplôme approfondi de langue française
|
| 650 |
0 |
7 |
|a francúzština
|2 SNKPH
|9 1355
|
| 650 |
0 |
7 |
|a gramatika
|2 SNKPH
|9 865
|
| 650 |
0 |
7 |
|a pravopis
|2 SNKPH
|9 868
|
| 655 |
|
7 |
|a cvičenia
|2 SNKPH
|9 294104
|
| 655 |
|
7 |
|a učebnice
|2 SNKPH
|9 22521
|
| 655 |
|
7 |
|a jazykové učebnice, texty, príručky (C)
|2 SNKPH
|9 150591
|
| 700 |
1 |
|
|a Lescure, Richard
|4 aut
|9 324596
|
| 830 |
|
0 |
|a Le nouvel entraînez-vous
|9 324597
|
| 919 |
|
|
|a 978-2-09-035233-7
|
| 999 |
|
|
|c 574643
|d 576573
|
| 952 |
|
|
|a SNK
|b SNK
|y PREZ
|7 0
|p 17A0666589
|o snkIB 72292/príl. 2
|i snk2010/15996
|8 4
|3 Príloha: 1 audio CD -- Príloha: 1 audio CD
|z Príloha
|0 0
|1 0
|4 0
|d 2010-03-08
|l 0
|r 2026-02-23 14:28:48
|w 2026-02-23
|
| 952 |
|
|
|a SNK
|b SNK
|y VYP
|7 0
|p 17A0666586
|o snkIB 72292
|i snk2010/15996
|8 4
|g 24.39
|3 Prílohy: 1 brožúra (63 s.), 1 audio CD -- Prílohy: 1 brožúra (63 s.), 1 audio CD
|z
|0 0
|1 0
|4 0
|d 2010-03-08
|l 0
|r 2026-02-23 14:28:48
|w 2026-02-23
|
| 952 |
|
|
|a SNK
|b SNK
|y VYP
|7 0
|p 17A0666585
|o snkIB 72292/príl. 1
|i snk2010/15996
|8 4
|3 Príloha: 1 brožúra (63 s.)
|z Príloha
|0 0
|1 0
|4 0
|d 2010-03-08
|l 0
|r 2026-02-23 14:28:48
|w 2026-02-23
|